00298nam a2200121Ia 4500008004100000082001800041100002500059245003300084250000800117260002600125300000800151650001700159150301s2014 xx 000 0 und d a612.015bC14D aDANDEKAR, SUCHETA P. aCONCISE MEDICAL BIOCHEMISTRY a3RD bELSEVIERaINDIAc2014 a405 aBIOCHEMISTRY